00545nam a22001697a 45000050016000000100013000160200026000290350013000550370025000680820011000931000021001042450118001252600032002432700058002753000018003337000024003512011110901211.0 aB-444524 a9781405490221c495.00 aB-444524 bBlue Berry/Ven aDPL a001.94 aGenzmer, Herbert aMysteries of the world ;cby Herbert Genzmer & Ulrich HellenbrandbUnexplained wonders and mysterious Phenomena/ aBathbParragon Books c2007 aQueen Street House, 4 Queen Street Bath BAI IHEbU.K. a319p.c26cm.  aHellenbrand, Ulrich